000 00341nam a2200133Ia 4500
008 240624s9999 xx 000 0 und d
041 _aeng
082 _a158.1 DUH
100 _aDUHIGG CHARLES
245 _aPOWER OF HABIT WHY WE DO WHAT WE DO AND
260 _c2012
_aNew York
_bRandom House
300 _axx, 371 p.; 24 cm.
365 _cRS
999 _c29346
_d29346